[Event "fast KO - Open"]
[Site "SchemingMind.com"]
[Date "2015.08.11"]
[Round "-"]
[White "Chessibelle"]
[Black "frankly"]
[Result "0-1"]
[WhiteCountry "ENG"]
[BlackCountry "ENG"]
[WhiteElo "1146"]
[WhiteRD "58"]
[BlackElo "2460"]
[BlackRD "56"]
[GameID "385828"]

1. Nf3 d5 2. d4 Nf6 3. Nc3 c5 4. a3 cxd4 5. Nxd4 e5 6. Nf3 d4 7. Na2 Qb6 8. Bd2 e4 9. Ne5 Be6 10. b3 Bxa3
11. e3 Bb2 12. Rb1 dxe3 13. Bxe3 Qa5+ 14. Bd2 Qxe5 15. Be2 O-O 16. c3 Ba3 17. c4 Rd8 18. O-O e3 19. fxe3 Bd6 20. g3 Bc5
21. Kg2 Bxe3 22. Rb2 Qxb2
0-1

[Event "fast KO - Open"]
[Site "SchemingMind.com"]
[Date "2015.08.11"]
[Round "-"]
[White "frankly"]
[Black "Chessibelle"]
[Result "1-0"]
[WhiteCountry "ENG"]
[BlackCountry "ENG"]
[WhiteElo "2460"]
[WhiteRD "56"]
[BlackElo "1146"]
[BlackRD "58"]
[GameID "385829"]

1. d4 d5 2. Nf3 Nf6 3. c4 e6 4. Nc3 Nc6 5. e3 Be7 6. a3 Bd6 7. c5 Be7 8. b4 g6 9. Bd3 b6 10. Bb5 Bd7
11. Qa4 Nb8 12. c6 Bc8 13. Bd3 O-O 14. b5 Qd6 15. O-O a6 16. Ne5 Rd8 17. Bd2 Kg7 18. Qc2 Rh8 19. a4 a5 20. e4 Qd8
21. Bh6+ Kg8 22. Rad1 Nh5 23. exd5 exd5 24. f4 Nf6 25. f5 Ne8 26. Nxf7 Kxf7 27. fxg6+ Ke6 28. Rde1+
1-0

[Event "fast KO - Open"]
[Site "SchemingMind.com"]
[Date "2015.08.15"]
[Round "-"]
[White "berns"]
[Black "cnile"]
[Result "1-0"]
[WhiteCountry "ENG"]
[BlackCountry "SCO"]
[WhiteElo "1581"]
[WhiteRD "78"]
[BlackElo "1482"]
[BlackRD "65"]
[GameID "386011"]

1. e4 e6 2. Nf3 c5 3. d4 cxd4 4. Nxd4 Nc6 5. Be3 Nf6 6. Bd3 a6 7. Nd2 d6 8. Nxc6 bxc6 9. c4 Be7 10. Nf3 e5
11. b4 O-O 12. a4 Be6 13. Ng5 Bg4 14. f3 Bd7 15. Ke2 d5 16. c5 d4 17. Bd2 Re8 18. Bc4 Rf8 19. Ra3 Nh5 20. h4 Ng3+
21. Kf2 Nxh1+ 22. Qxh1 h6 23. g4 Rb8 24. Bxa6 hxg5 25. hxg5 Bxg5 26. f4 Bxf4 27. Rh3 f6 28. Bc4+ Rf7 29. Rh8#
1-0

[Event "fast KO - Open"]
[Site "SchemingMind.com"]
[Date "2015.08.15"]
[Round "-"]
[White "cnile"]
[Black "berns"]
[Result "1-0"]
[WhiteCountry "SCO"]
[BlackCountry "ENG"]
[WhiteElo "1482"]
[WhiteRD "65"]
[BlackElo "1581"]
[BlackRD "78"]
[GameID "386012"]

1. e4 c5 2. Nf3 Nc6 3. d4 Nxd4 4. Nxd4 cxd4 5. Qxd4 Nf6 6. Nc3 e6 7. Bg5 Be7 8. e5 Nd5 9. Bxe7 Qxe7 10. O-O-O Nxc3
11. Qxc3 O-O 12. Kb1 b6 13. Bd3 Bb7 14. f3 Rac8 15. Qd4 Rc5 16. h4 Rd8 17. Qf4 d6 18. exd6 Qf6 19. Qxf6 gxf6 20. d7 Bc6
21. Ba6 Rxd7 22. Rxd7 Bxd7 23. b3 h5 24. Bb7 e5 25. Rd1 Bf5 26. Rd6 Kg7 27. Rd2 Bg6 28. Ba6 f5 29. Bd3 a5 30. a4 f4
31. Be4 b5 32. Bxg6 fxg6 33. axb5 Rxb5 34. Kb2 Kf6 35. c4 Rb6 36. Ka3 g5 37. hxg5+ Kxg5 38. Rd5 Kf5 39. Rxa5 Rd6 40. Kb4 Rd2
41. c5 Rxg2 42. c6 Rc2 43. Rc5 Rxc5 44. Kxc5 Ke6 45. Kb6 Kd6 46. Kb7
1-0

[Event "fast KO - Open"]
[Site "SchemingMind.com"]
[Date "2015.08.16"]
[Round "-"]
[White "fouche"]
[Black "Simon Green"]
[Result "1-0"]
[WhiteCountry "COL"]
[BlackCountry "ENG"]
[WhiteElo "1625"]
[WhiteRD "60"]
[BlackElo "1583"]
[BlackRD "55"]
[GameID "386054"]

1. d4 e6 2. Nf3 d5 3. e3 c5 4. c3 c4 5. Nbd2 Nf6 6. Be2 Be7 7. O-O Nc6 8. b3 b5 9. a4 Ba6 10. axb5 Bxb5
11. bxc4 dxc4 12. Nxc4 Bxc4 13. Bxc4 O-O 14. Bd3 Nd5 15. Qc2 Qd7 16. Bd2 g6 17. Rfb1 Bd6 18. c4 Nf6 19. e4 Bc7 20. d5 exd5
21. cxd5 Ne5 22. Nxe5 Bxe5 23. h3 Bxa1 24. Rxa1 Rfc8 25. Qb2 Qe7 26. Qd4 Ne8 27. e5 f6 28. Re1 f5 29. Bc4 Qc7 30. Rc1 Qb6
31. d6+ Kf8 32. Bh6+ Ng7 33. Qd5
1-0

[Event "fast KO - Open"]
[Site "SchemingMind.com"]
[Date "2015.08.16"]
[Round "-"]
[White "Simon Green"]
[Black "fouche"]
[Result "1/2-1/2"]
[WhiteCountry "ENG"]
[BlackCountry "COL"]
[WhiteElo "1583"]
[WhiteRD "55"]
[BlackElo "1625"]
[BlackRD "60"]
[GameID "386055"]

1. d4 e6 2. e3 f5 3. f4 Nf6 4. Bd3 Be7 5. Nf3 O-O 6. O-O Ne4 7. Nbd2 d5 8. c3 Nd7 9. Ne5 Nxe5 10. fxe5 c5
11. Nxe4 fxe4 12. Rxf8+ Qxf8 13. Be2 Bd7 14. Bd2 b5 15. Qf1 c4 16. Qxf8+ Rxf8 17. Rf1 a5 18. Rxf8+ Kxf8 19. Be1 b4 20. g3 Bb5
21. h4 g6 22. Kg2 Kg7 23. g4 h6 24. Kg3 g5 25. h5= bxc3 26. bxc3 Ba4 27. Bd2 Bc2 28. Kf2 a4 29. Ke1 Bb1 30. Bc1 Bxa2
31. Bb2 Bb3 32. Bd1 a3 33. Ba1 Bd8 34. Kd2 Kf7 35. Kc1 Ke7 36. Bc2 Kd7 37. Bb1 Kc6 38. Bc2 Kb5 39. Bb1 Ba5 40. Bc2 Ka4
41. Kb1 Bd8 42. Kc1 Be7 43. Kb1 a2+ 44. Kc1 Ba3+ 45. Kd1 Bf8=
1/2-1/2

[Event "fast KO - Open"]
[Site "SchemingMind.com"]
[Date "2015.08.16"]
[Round "-"]
[White "spoke"]
[Black "kenneth m day"]
[Result "1-0"]
[WhiteCountry "GER"]
[BlackCountry "USA"]
[WhiteElo "1767"]
[WhiteRD "68"]
[BlackElo "1685"]
[BlackRD "50"]
[GameID "386056"]

1. e4 e5 2. Nf3 Nc6 3. Bb5 f5 4. Nc3 fxe4 5. Nxe4 Nf6 6. Qe2 d6 7. d4 Be7 8. Nxf6+ gxf6 9. d5 a6 10. dxc6 axb5
11. Qxb5 O-O 12. cxb7 Rb8 13. O-O Rxb7 14. Qc6 Rb6 15. Qc3 Be6 16. Be3 c5 17. a4 f5 18. Rfd1 Bf6 19. Qa3 e4 20. Ng5 Bd7
21. Qa2+ Kg7 22. Ne6+ Bxe6 23. Qxe6 Re8 24. Qxf5 Rxb2 25. Bxc5 Rxc2 26. Bd4 d5 27. Bxf6+ Qxf6 28. Qxf6+ Kxf6 29. Rxd5 Ra8 30. a5 Ke6
31. Rh5 Ra7 32. a6 Kf7 33. Rxh7+
1-0

[Event "fast KO - Open"]
[Site "SchemingMind.com"]
[Date "2015.08.16"]
[Round "-"]
[White "kenneth m day"]
[Black "spoke"]
[Result "0-1"]
[WhiteCountry "USA"]
[BlackCountry "GER"]
[WhiteElo "1685"]
[WhiteRD "50"]
[BlackElo "1767"]
[BlackRD "68"]
[GameID "386057"]

1. e4 e5 2. f4 d5 3. exd5 e4 4. d3 Nf6 5. Nc3 Bb4 6. Qe2 Qxd5 7. Bd2 Bxc3 8. Bxc3 Bg4 9. Qe3 O-O 10. Be2 Bxe2
11. Nxe2 exd3 12. Qxd3 Nbd7 13. Qxd5 Nxd5 14. Bd2 Rfe8 15. Rf1 Re4 16. Rf2 Rae8 17. Kf1 N7f6 18. Re1 Ng4 19. Ng3 Rxe1+ 20. Bxe1 Nxf2
21. Bxf2 Nxf4 22. h3 Rd8 23. Kg1 Rd2 24. Be3 Rxg2+ 25. Kh1 Rxg3 26. Bxf4 Rxh3+ 27. Kg2 Rh5 28. Bxc7 Rc5 29. Bb8 Rxc2+ 30. Kf3 Rxb2
31. Bxa7 Rxa2 32. Bb6 Ra6 33. Bd4 b5 34. Ke3 b4 35. Kd3 Rd6
0-1

[Event "fast KO - Open"]
[Site "SchemingMind.com"]
[Date "2015.08.20"]
[Round "-"]
[White "Karsten Kjeldsen"]
[Black "emvarela"]
[Result "1-0"]
[WhiteCountry "DEN"]
[BlackCountry "ARG"]
[WhiteElo "2291"]
[WhiteRD "94"]
[BlackElo "1722"]
[BlackRD "46"]
[GameID "386130"]

1. b3 d5 2. Bb2 c5 3. e3 e6 4. Nf3 Nf6 5. d4 cxd4 6. exd4 Bd6 7. Bd3 O-O 8. O-O Nbd7 9. Re1 a6 10. Nbd2 b5
11. c3 h6 12. a4 bxa4 13. Rxa4 Nb6 14. Ra2 Qc7 15. c4 dxc4 16. bxc4 Nbd7 17. c5 Bf4 18. Nc4 Bb7 19. g3 Qc6 20. gxf4 Qxf3
21. Qxf3 Bxf3 22. Ra3 Bd5 23. Rea1 Bxc4 24. Bxc4 Nb8 25. f5 exf5 26. d5 Ne4 27. c6 Nd6 28. Bxa6 Nxa6 29. Rxa6 Rac8 30. Ba3 Rfd8
31. Bxd6 Rxd6 32. Ra8 Rdd8 33. d6 Rxa8 34. Rxa8 Rxa8 35. d7
1-0

[Event "fast KO - Open"]
[Site "SchemingMind.com"]
[Date "2015.08.20"]
[Round "-"]
[White "emvarela"]
[Black "Karsten Kjeldsen"]
[Result "0-1"]
[WhiteCountry "ARG"]
[BlackCountry "DEN"]
[WhiteElo "1722"]
[WhiteRD "46"]
[BlackElo "2291"]
[BlackRD "94"]
[GameID "386131"]

1. e4 c5 2. Nf3 d6 3. d4 cxd4 4. Nxd4 Nf6 5. Nc3 a6 6. Bg5 e6 7. f4 Be7 8. Qf3 Qc7 9. O-O-O h6 10. Bxf6 Bxf6
11. g4 Nc6 12. Nxc6 Qxc6 13. Bg2 Bxc3 14. Qxc3 Qxc3 15. bxc3 e5 16. f5 Ke7 17. Rd2 b5 18. Rhd1 Rd8 19. h4 Bb7 20. Kb2 Rac8
21. g5 Rc4 22. Re1 f6 23. g6 d5 24. exd5 Kd6 25. Re4 Rdc8 26. Rxc4 Rxc4 27. h5 Bc8 28. Bh3 Rh4
0-1

[Event "fast KO - Open"]
[Site "SchemingMind.com"]
[Date "2015.08.26"]
[Round "-"]
[White "Ramesh Panwar"]
[Black "Gantz69"]
[Result "1-0"]
[WhiteCountry "IND"]
[BlackCountry "MEX"]
[WhiteElo "2402"]
[WhiteRD "60"]
[BlackElo "1548"]
[BlackRD "142"]
[GameID "386256"]

1. e4 c6 2. d4 d5 3. Nc3 dxe4 4. Nxe4 Bf5 5. Ng3 Bg6 6. Nf3 Nf6 7. Be2 e6 8. O-O Be7 9. c4 O-O 10. Ne5 Nbd7
11. Nxg6 hxg6 12. Bf4 c5 13. d5 exd5 14. cxd5 Re8 15. d6 Bf8 16. Qb3 Nb6 17. Rfd1 Qd7 18. Bb5 c4 19. Bxd7 Nbxd7 20. Qxc4 Rac8
21. Qb5 b6 22. Rac1 Rc5 23. Rxc5 Nxc5 24. b4 Ncd7 25. Qa6 Ne4 26. Nxe4 Rxe4 27. Qxa7 Rxf4 28. Qxd7 Rxb4 29. Qc8
1-0

[Event "fast KO - Open"]
[Site "SchemingMind.com"]
[Date "2015.08.26"]
[Round "-"]
[White "Gantz69"]
[Black "Ramesh Panwar"]
[Result "0-1"]
[WhiteCountry "MEX"]
[BlackCountry "IND"]
[WhiteElo "1548"]
[WhiteRD "142"]
[BlackElo "2402"]
[BlackRD "60"]
[GameID "386257"]

1. c4 Nf6 2. d4 e6 3. Nc3 Bb4 4. Bg5 c5 5. e3 Qa5 6. Ne2 Ne4 7. f4 h6 8. Qd3 Bxc3+ 9. Nxc3 Nxc3 10. Qxc3 Qxc3+
11. bxc3 hxg5 12. fxg5 b6 13. Be2 Nc6 14. O-O-O Na5 15. h3 Ba6 16. Bf3 Rc8 17. h4 Nxc4 18. Rde1 b5 19. g3 cxd4 20. exd4 b4
21. d5 Nd6 22. dxe6 Rxc3+ 23. Kd2 Rxf3 24. exd7+ Kxd7 25. Rhg1 Rc8 26. g4 Rd3+ 27. Ke2 Rc2+ 28. Kf1 Rd1#
0-1

[Event "fast KO - Open"]
[Site "SchemingMind.com"]
[Date "2015.08.25"]
[Round "-"]
[White "John Hamer"]
[Black "dnair28"]
[Result "1-0"]
[WhiteCountry "ENG"]
[BlackCountry "ENG"]
[WhiteElo "2014"]
[WhiteRD "60"]
[BlackElo "1465"]
[BlackRD "317"]
[GameID "386395"]

1. d4 d5 2. Nf3 e6 3. c4 dxc4 4. e3 b5 5. a4 c6 6. axb5 cxb5 7. b3 Ba6 8. bxc4 bxc4 9. Rxa6 Bb4+ 10. Bd2 Bxd2+
11. Nbxd2 Nxa6 12. Qa4+ Qd7 13. Qxa6 c3 14. Bb5
1-0

[Event "fast KO - Open"]
[Site "SchemingMind.com"]
[Date "2015.08.25"]
[Round "-"]
[White "dnair28"]
[Black "John Hamer"]
[Result "0-1"]
[WhiteCountry "ENG"]
[BlackCountry "ENG"]
[WhiteElo "1443"]
[WhiteRD "300"]
[BlackElo "2029"]
[BlackRD "60"]
[GameID "386396"]

1. d4 Nf6 2. e3 d5 3. Nf3 e6 4. Bd3 c5 5. b3 Nc6 6. Ba3 b6 7. c3 Bd6 8. O-O O-O 9. c4 dxc4 10. bxc4 Bb7
11. Qb3 cxd4 12. exd4 Na5 13. Qc2 Bxf3 14. gxf3 Nc6 15. Bb2 Qc7 16. d5 Nb4 17. Qd2 Bxh2+ 18. Kh1 Nxd3 19. Qxd3 Qf4 20. Kg2 Nh5
21. Rh1 Qh6 22. Bc1 Qxc1 23. Kxh2 Qf4+ 24. Kg2 Qg5+ 25. Kf1 Qc1+
0-1

[Event "fast KO - Open"]
[Site "SchemingMind.com"]
[Date "2015.08.24"]
[Round "-"]
[White "Stephen Woodhouse"]
[Black "David Perna-Fraser"]
[Result "0-1"]
[WhiteCountry "ENG"]
[BlackCountry "CAN"]
[WhiteElo "1854"]
[WhiteRD "48"]
[BlackElo "2316"]
[BlackRD "62"]
[GameID "386400"]

1. e4 e5 2. Nf3 Nc6 3. d4 exd4 4. Nxd4 Nf6 5. Nc3 Bc5 6. Be3 Bb6 7. Nxc6 bxc6 8. e5 Bxe3 9. fxe3 Nd5 10. Nxd5 cxd5
11. Qxd5 Qh4+ 12. Kd1 Rb8 13. Bc4 O-O 14. b3 Bb7 15. Qd4 Qe7 16. Kd2 Rbd8 17. Kc3 d5 18. exd6 Rxd6 19. Qf4 g5 20. Qg3 Qf6+
21. Kb4 Rb6+ 22. Ka3 Ba6 23. Rhf1 Qe7+
0-1

[Event "fast KO - Open"]
[Site "SchemingMind.com"]
[Date "2015.08.24"]
[Round "-"]
[White "David Perna-Fraser"]
[Black "Stephen Woodhouse"]
[Result "1-0"]
[WhiteCountry "CAN"]
[BlackCountry "ENG"]
[WhiteElo "2312"]
[WhiteRD "61"]
[BlackElo "1881"]
[BlackRD "49"]
[GameID "386401"]

1. c4 e6 2. Nf3 d5 3. cxd5 exd5 4. g3 Nf6 5. Bg2 c5 6. O-O Nc6 7. b3 Be7 8. Bb2 O-O 9. d4 Be6 10. dxc5 Bxc5
11. Nc3 Qd7 12. Rc1 Be7 13. Ng5 Rac8 14. Qd2 Rfd8 15. Rfd1 h6 16. Nxe6 fxe6 17. e3 a6 18. Ne2 Bb4 19. Qd3 Na7 20. Bxf6 gxf6
21. Nf4 Bf8 22. e4 Rxc1 23. Rxc1 dxe4 24. Qxe4 e5 25. Bh3 Qe7 26. Ne6 Rd4 27. Nxd4
1-0

[Event "fast KO - Open"]
[Site "SchemingMind.com"]
[Date "2015.09.10"]
[Round "-"]
[White "fouche"]
[Black "frankly"]
[Result "0-1"]
[WhiteCountry "COL"]
[BlackCountry "ENG"]
[WhiteElo "1663"]
[WhiteRD "63"]
[BlackElo "2454"]
[BlackRD "56"]
[GameID "387212"]

1. d4 Nf6 2. Nf3 d5 3. e3 e6 4. Bd3 c5 5. c3 Nc6 6. O-O Bd6 7. Nbd2 cxd4 8. cxd4 O-O 9. Re1 e5 10. dxe5 Nxe5
11. Nxe5 Bxe5 12. Nf3 Bg4 13. Bd2 Re8 14. Rb1 Ne4 15. h3 Bxf3 16. gxf3 Qg5+ 17. Kf1 Nxd2+ 18. Qxd2 Bh2 19. Ke2 d4 20. Rbc1 Bf4
21. Kd1 dxe3 22. fxe3 Bxe3 23. Rxe3 Rxe3 24. Kc2 Rd8 25. f4 Qe7 26. Rd1 Rdxd3
0-1

[Event "fast KO - Open"]
[Site "SchemingMind.com"]
[Date "2015.09.10"]
[Round "-"]
[White "frankly"]
[Black "fouche"]
[Result "1-0"]
[WhiteCountry "ENG"]
[BlackCountry "COL"]
[WhiteElo "2454"]
[WhiteRD "56"]
[BlackElo "1663"]
[BlackRD "63"]
[GameID "387213"]

1. d4 e6 2. e4 Nc6 3. Nf3 d5 4. e5 Bb4+ 5. c3 Ba5 6. Bd3 Nge7 7. O-O Ng6 8. Bg5 Nce7 9. h4 h6 10. Bc1 a6
11. b4 O-O 12. bxa5 c5 13. h5 Nh8 14. Qc2 f5 15. exf6 Rxf6 16. Bh7+ Kf8 17. Nbd2 c4 18. Ba3 Qxa5 19. Ne5 Qc7 20. Qd1 Bd7
21. Qg4 Rd8 22. Bxe7+ Kxe7 23. Qxg7+ Nf7 24. Ndf3 Rf8 25. Nh4 Rf4 26. Nhg6+
1-0

[Event "fast KO - Open"]
[Site "SchemingMind.com"]
[Date "2015.09.18"]
[Round "-"]
[White "John Hamer"]
[Black "David Perna-Fraser"]
[Result "0-1"]
[WhiteCountry "ENG"]
[BlackCountry "CAN"]
[WhiteElo "2013"]
[WhiteRD "60"]
[BlackElo "2331"]
[BlackRD "62"]
[GameID "387604"]

1. e4 e5 2. Nf3 Nf6 3. Nc3 Bb4 4. Nxe5 O-O 5. Be2 Bxc3 6. dxc3 Re8 7. Nf3 Nxe4 8. O-O d6 9. h3 Nd7 10. Be3 Ndf6
11. Re1 h6 12. Bd3 Bd7 13. c4 b6 14. Nd2 Bc6 15. Nb3 a5 16. f3 Nc5 17. Nxc5 dxc5 18. Qd2 Nh5 19. c3 Qf6 20. Rad1 Rad8
21. b3 Rd6 22. Qc1= Re5 23. Bc2 Rde6 24. Qd2 Kf8 25. Qd3 Bxf3 26. gxf3 Rxe3 27. Rxe3 Qg5+
0-1

[Event "fast KO - Open"]
[Site "SchemingMind.com"]
[Date "2015.09.18"]
[Round "-"]
[White "David Perna-Fraser"]
[Black "John Hamer"]
[Result "1-0"]
[WhiteCountry "CAN"]
[BlackCountry "ENG"]
[WhiteElo "2312"]
[WhiteRD "61"]
[BlackElo "2029"]
[BlackRD "60"]
[GameID "387605"]

1. e4 c6 2. d4 d5 3. Nc3 dxe4 4. Nxe4 g6 5. Nf3 Bg7 6. Bc4 Bf6 7. Nxf6+ Nxf6 8. Bh6 Nd5 9. O-O Bg4 10. h3 Bxf3
11. Qxf3
1-0

[Event "fast KO - Open"]
[Site "SchemingMind.com"]
[Date "2015.10.12"]
[Round "-"]
[White "spoke"]
[Black "Ramesh Panwar"]
[Result "0-1"]
[WhiteCountry "GER"]
[BlackCountry "IND"]
[WhiteElo "1767"]
[WhiteRD "68"]
[BlackElo "2415"]
[BlackRD "59"]
[GameID "388683"]

1. e4 e5 2. Nf3 Nc6 3. Bc4 Nf6 4. d3 Bc5 5. c3 O-O 6. b4 Be7 7. Bg5 h6 8. Bh4 Nh5 9. Bxe7 Qxe7 10. Nbd2 Nf4
11. O-O d6 12. h3 Qf6 13. Nh2 Qg6 14. Qf3 Bxh3 15. Qg3 Ne2+
0-1

[Event "fast KO - Open"]
[Site "SchemingMind.com"]
[Date "2015.10.12"]
[Round "-"]
[White "Ramesh Panwar"]
[Black "spoke"]
[Result "1-0"]
[WhiteCountry "IND"]
[BlackCountry "GER"]
[WhiteElo "2415"]
[WhiteRD "59"]
[BlackElo "1767"]
[BlackRD "68"]
[GameID "388684"]

1. Nf3 g6 2. e4 Bg7 3. Nc3 d6 4. d4 Nf6 5. Be2 O-O 6. O-O e5 7. dxe5 dxe5 8. Qxd8 Rxd8 9. Bg5 Bg4 10. h3 Bxf3
11. Bxf3 c6 12. Rad1 Na6 13. Be3 Ne8 14. Be2 Nac7 15. Rxd8 Rxd8 16. Bxa7
1-0

[Event "fast KO - Open"]
[Site "SchemingMind.com"]
[Date "2015.10.15"]
[Round "-"]
[White "David Perna-Fraser"]
[Black "Ramesh Panwar"]
[Result "0-1"]
[WhiteCountry "CAN"]
[BlackCountry "IND"]
[WhiteElo "2318"]
[WhiteRD "63"]
[BlackElo "2402"]
[BlackRD "59"]
[GameID "388789"]

1. e4 e5 2. Nf3 Nc6 3. Bc4 Nf6 4. d4 exd4 5. e5 d5 6. Bb5 Ne4 7. Nxd4 Bd7 8. Bxc6 bxc6 9. O-O Bc5 10. Be3 Qe7
11. Re1 O-O 12. f3 Ng5 13. Qd2 h6 14. Nc3 Bb6 15. Nb3 Bf5 16. Na4 Ne6 17. c3 Rab8 18. Nxb6 cxb6 19. Nd4 Nxd4 20. cxd4 Rbc8
21. Rac1 Rfd8 22. b4 Rc7 23. a4 Ra8 24. a5 Rac8 25. Ra1 bxa5 26. Rxa5 Rb7 27. Rc5 Rcb8 28. Rxc6 Rxb4 29. Qf2 a5 30. Rec1 a4
31. Qg3 a3 32. Bxh6 Qf8 33. e6 Bxe6 34. Bf4 R8b6 35. Rxb6 Rxb6 36. Ra1 Ra6 37. Bd2 a2 38. Qc7 Bf5 39. Kf2 Bd3 40. Bc3 Qa8
41. Re1 Rc6 42. Qd7 Qa4 43. Kg1 Kh7 44. Qh3+ Rh6 45. Qg3 Qb3 46. Ba1 Qb4 47. Qe5 Qb1 48. Kf2 Qc2+ 49. Kg1 Qd2 50. Qe3 Qxe3+
51. Rxe3 Ba6 52. Ra3 Bc4 53. Re3 Rb6 54. Kf2 g5 55. Re5 Rb3 56. Re1 Kg6 57. Re3 Rb1 58. Re1 f5 59. Re6+ Kh5 60. Re1 Kh4
61. Bc3 f4 62. Ba1 Bd3 63. Bc3 g4 64. fxg4 Kxg4 65. Rg1 Rb7
0-1

[Event "fast KO - Open"]
[Site "SchemingMind.com"]
[Date "2015.10.15"]
[Round "-"]
[White "Ramesh Panwar"]
[Black "David Perna-Fraser"]
[Result "1/2-1/2"]
[WhiteCountry "IND"]
[BlackCountry "CAN"]
[WhiteElo "2415"]
[WhiteRD "59"]
[BlackElo "2331"]
[BlackRD "62"]
[GameID "388790"]

1. d4 Nf6 2. c4 e6 3. Nc3 Bb4 4. Nf3 b6 5. e3 Ne4 6. Qb3 Bxc3+ 7. bxc3 O-O 8. Bd3 f5 9. O-O Bb7 10. Ba3 Rf6
11. d5 Qe8 12. Rad1 Qh5 13. Qc2 Na6 14. Bxe4 fxe4 15. Qxe4 Re8 16. Qh4 Qxh4 17. Nxh4 exd5 18. cxd5 Re4 19. Nf3 Ra4 20. Bb4 Nxb4
21. cxb4 Rxb4 22. Rc1 c5 23. dxc6 dxc6 24. Rfd1 c5 25. Ne5 Rb2 26. Rd7 Rfxf2 27. Rxb7 Rxg2+=
1/2-1/2

[Event "fast KO - Open"]
[Site "SchemingMind.com"]
[Date "2015.11.01"]
[Round "-"]
[White "cnile"]
[Black "Karsten Kjeldsen"]
[Result "0-1"]
[WhiteCountry "SCO"]
[BlackCountry "DEN"]
[WhiteElo "1484"]
[WhiteRD "65"]
[BlackElo "2292"]
[BlackRD "99"]
[GameID "389506"]

1. e4 c5 2. Nc3 Nc6 3. Nge2 Nf6 4. g3 d6 5. Bg2 g6 6. d3 Bg7 7. O-O O-O 8. Kh1 Re8 9. f4 Bd7 10. h3 Rb8
11. a4 Qa5 12. g4 Nb4 13. f5 Bc6 14. fxg6 hxg6 15. Ng3 Rbc8 16. b3 Nxg4 17. Qxg4 Nxc2 18. Ra2 Qxc3 19. Qh4 Qxb3 20. Rxc2 Qxc2
21. Qg5 Qxd3 22. h4 Bf6 23. Qg4 Bd7
0-1

[Event "fast KO - Open"]
[Site "SchemingMind.com"]
[Date "2015.11.01"]
[Round "-"]
[White "Karsten Kjeldsen"]
[Black "cnile"]
[Result "1-0"]
[WhiteCountry "DEN"]
[BlackCountry "SCO"]
[WhiteElo "2292"]
[WhiteRD "99"]
[BlackElo "1484"]
[BlackRD "65"]
[GameID "389507"]

1. b3 d5 2. Bb2 Bd7 3. Nf3 e6 4. g3 Nf6 5. Bg2 Be7 6. O-O c5 7. c4 O-O 8. cxd5 exd5 9. d4 Nc6 10. Nc3 cxd4
11. Nxd4 Rc8 12. Nxd5 Bc5 13. Nxc6 Bxc6 14. Bxf6 gxf6 15. e3 Qa5 16. Qg4+ Kh8 17. Rad1 Rg8 18. Qf5 Bxd5 19. Rxd5 Qc3 20. Be4 Rg6
21. Qxc8+ Rg8 22. Qh3 f5 23. Rxf5 Bxe3 24. Rxf7 Bxf2+ 25. Kh1
1-0

[Event "fast KO - Open"]
[Site "SchemingMind.com"]
[Date "2015.11.22"]
[Round "-"]
[White "Karsten Kjeldsen"]
[Black "frankly"]
[Result "1/2-1/2"]
[WhiteCountry "DEN"]
[BlackCountry "ENG"]
[WhiteElo "2303"]
[WhiteRD "101"]
[BlackElo "2473"]
[BlackRD "55"]
[GameID "390756"]

1. d4 Nf6 2. Nc3 d5 3. Nf3 Bf5 4. Bf4 e6 5. e3 Bd6 6. Ne5 Qe7 7. Bd3 Nbd7 8. O-O c6 9. h3 O-O 10. Qf3 Bxd3
11. cxd3 Bb8 12. Qe2 Nxe5 13. dxe5 Nd7 14. d4 f6 15. exf6 Nxf6 16. Rad1 e5 17. dxe5 Bxe5 18. Bxe5 Qxe5 19. Rd4 Rf7 20. Rf4 a6
21. Qc2 Raf8 22. Rd1 g6 23. g3 a5 24. Kg2 Qe8 25. a3 Qe7 26. Rd2 g5 27. Rf5 h6 28. Qa4 Nd7 29. Rxf7 Qxf7 30. Qd4 Qf3+
31. Kg1 Qf6 32. f4 Qxd4 33. Rxd4 Nf6 34. Kf2 Kg7 35. Kf3 h5 36. b4 axb4 37. Rxb4=
1/2-1/2

[Event "fast KO - Open"]
[Site "SchemingMind.com"]
[Date "2015.11.23"]
[Round "-"]
[White "frankly"]
[Black "Karsten Kjeldsen"]
[Result "1-0"]
[WhiteCountry "ENG"]
[BlackCountry "DEN"]
[WhiteElo "2449"]
[WhiteRD "55"]
[BlackElo "2285"]
[BlackRD "107"]
[GameID "390757"]

1. d4 Nf6 2. Nf3 d5 3. c4 e6 4. Nc3 Nc6 5. Bg5 Be7 6. e3 O-O 7. Rc1 h6 8. Bh4 Ne4 9. Bxe7 Qxe7 10. cxd5 Nxc3
11. Rxc3 exd5 12. Qb3 Qd6 13. Bb5 Ne7 14. Bd3 a5 15. O-O a4 16. Qc2 Nc6 17. a3 Ne7 18. e4 Qb6 19. b4 axb3 20. Rxb3 Qa5
21. Ne5 c6 22. exd5 Qxd5 23. Bc4 Qxd4 24. Nxf7 Rxf7 25. Rd3 Qb6 26. Bxf7+ Kxf7 27. Re1 Ra5 28. Qa2+ Rd5 29. Rf3+ Nf5 30. Qe2 Bd7
31. g4 Qb5 32. Rxf5+ Rxf5 33. gxf5 Qxf5 34. Qe5 Qg4+ 35. Qg3 Qc4 36. h4 b5 37. h5 Kg8 38. Re7 Qd4 39. Qg6 Kh8 40. Qe4 Qd6
41. Qe5 Qxe5 42. Rxe5 Kg8 43. Re7 Bg4 44. Rc7 Bxh5 45. Rxc6 Kf7 46. Rc5 Be2 47. f4 Kf6 48. Kf2 Bd3 49. Kf3 Ke7 50. Rc7+ Kf8
51. Ke3 Bg6 52. Kd4 h5 53. Ke5 Bd3 54. f5 Bf1 55. f6 gxf6+ 56. Kxf6
1-0

[Event "fast KO - Open"]
[Site "SchemingMind.com"]
[Date "2016.02.07"]
[Round "-"]
[White "Ramesh Panwar"]
[Black "frankly"]
[Result "1/2-1/2"]
[WhiteCountry "IND"]
[BlackCountry "ENG"]
[WhiteElo "2406"]
[WhiteRD "74"]
[BlackElo "2439"]
[BlackRD "55"]
[GameID "394946"]

1. c4 Nf6 2. d4 e6 3. Nf3 b6 4. Nc3 Bb7 5. a3 d5 6. cxd5 Nxd5 7. Qc2 Nxc3 8. bxc3 Be7 9. e4 O-O 10. Bd3 c5
11. O-O Qc8 12. Qe2 Ba6 13. Bf4 Bxd3 14. Qxd3 Qa6 15. Qxa6 Nxa6 16. d5= exd5 17. exd5 c4 18. Rfe1 Rfe8 19. Nd2 g5 20. Bg3 f5
21. Be5 Rad8=
1/2-1/2

[Event "fast KO - Open"]
[Site "SchemingMind.com"]
[Date "2016.02.07"]
[Round "-"]
[White "frankly"]
[Black "Ramesh Panwar"]
[Result "1/2-1/2"]
[WhiteCountry "ENG"]
[BlackCountry "IND"]
[WhiteElo "2439"]
[WhiteRD "55"]
[BlackElo "2406"]
[BlackRD "74"]
[GameID "394947"]

1. d4 Nf6 2. Nf3 d5 3. c4 e6 4. Nc3 Be7 5. Bf4 O-O 6. e3 c5 7. dxc5 Bxc5 8. a3 Nc6 9. Qc2 Qa5 10. O-O-O Be7
11. h4 a6 12. Ng5 Rd8 13. cxd5 exd5 14. e4 Nxe4 15. Ncxe4 dxe4 16. Rxd8+ Nxd8 17. Bd2 Bxg5 18. hxg5 Qd5 19. Bc4 Qc6 20. Be2 Be6
21. Be3 Rc8 22. Qxc6 Nxc6 23. Kb1 Ne7 24. Rc1 Nd5 25. Rxc8+ Bxc8 26. Bd4 Nf4 27. Bf1 Bd7=
1/2-1/2